Japan's software factories

שמור ב:
מידע ביבליוגרפי
מחבר ראשי: Cusumano, Michael A.
פורמט: ספר
שפה:Undetermined
יצא לאור: Oxford Oxford University Press 1991
נושאים:
תגים: הוספת תג
אין תגיות, היה/י הראשונ/ה לתייג את הרשומה!
Thư viện lưu trữ: Trung tâm Học liệu Trường Đại học Cần Thơ
LEADER 00492nam a2200181Ia 4500
001 CTU_82953
008 210402s9999 xx 000 0 und d
082 |a 005.7 
082 |b C984 
100 |a Cusumano, Michael A. 
245 0 |a Japan's software factories 
245 0 |c Michael A. Cusumano 
260 |a Oxford 
260 |b Oxford University Press 
260 |c 1991 
650 |a Computer software 
904 |i QHieu(sửa) 
980 |a Trung tâm Học liệu Trường Đại học Cần Thơ